عرض عادي
عرض مارك
- Bada, Xóchitl
دخول Personal Name
001 - CONTROL NUMBER
- control field: 20388
003 - CONTROL NUMBER IDENTIFIER
- control field: AE-AdECS
005 - DATE AND TIME OF LATEST TRANSACTION
- control field: 20250923123023.0
008 - FIXED-LENGTH DATA ELEMENTS
- fixed length control field: 250923|| aca||aabn | a|a d
040 ## - CATALOGING SOURCE
- Original cataloging agency: AE-AdECS
- Transcribing agency: AE-AdECS
100 ## - HEADING--PERSONAL NAME
- Personal name: Bada, Xóchitl
670 ## - SOURCE DATA FOUND
- Source citation: Work cat.: (AE-AdECS)292146: Bada, Xóchitl, author, Scaling migrant worker rights :
